In order to form a more perfect union : an inquiry into the origins of a college /

Bibliographic Details
Main Author: Fortenbaugh, Samuel B., 1902-
Format: Book
Language:English
Published: Schenectady, N.Y. : Union College Press, 1978.
Subjects:

MARC

Tag First Indicator Second Indicator Subfields
LEADER 00000pam a2200000 i 4500
001 in00000037282
005 20151007072309.0
008 780331s1978 nyuaf b 00110 eng
010 |a  78006643  
020 |a 0912756063 
035 |a (OCoLC)03844204 
035 |9 AAE7613AM 
040 |a DLC  |c DLC  |d TXA  |d UtOrBLW 
043 |a n-us-ny 
049 |a TXAM  |c [980560] 
050 0 0 |a LD5481.U72  |b F56 
082 0 |a 378.747/44 
100 1 |a Fortenbaugh, Samuel B.,  |d 1902- 
245 1 0 |a In order to form a more perfect union :  |b an inquiry into the origins of a college /  |c by Samuel B. Fortenbaugh, Jr. 
264 1 |a Schenectady, N.Y. :  |b Union College Press,  |c 1978. 
300 |a xiv, 130 pages, 15 unnumbered leaves of plates :  |b illustrations ;  |c 27 cm. 
336 |a text  |b txt  |2 rdacontent 
337 |a unmediated  |b n  |2 rdamedia 
338 |a volume  |b nc  |2 rdacarrier 
500 |a Includes index. 
504 |a Bibliography: pages 117-119. 
610 2 0 |a Union College (Schenectady, N.Y.)  |x History. 
999 |a MARS 
999 f f |s 0d1b14f0-4a30-3c2b-9ebc-867b121ac10e  |i cff9a27c-1b73-30ad-86f5-2f721ab1df5c  |t 0 
952 f f |p normal  |a Texas A&M University  |b College Station  |c Sterling C. Evans Library  |d Evans: Library Stacks  |t 0  |e LD5481.U72 F56  |h Library of Congress classification  |i unmediated -- volume  |m A14803338988 
998 f f |a LD5481.U72 F56  |t 0  |l Evans: Library Stacks